00255nam a2200109Ia 4500008004100000100003000041245002900071260000900100650001200109942000700121999001700128190216s9999||||xx |||||||||||||| ||und|| aProf.Vargheese Ittiyavira 0aShakunthalam Oru Padanam bNull aPadanam cBK c25338d25338